000 00643nam a2200217Ii 4500
001 1522
003 CO-ViMGA
008 241108s9999||||xx |||||||||||||| ||und||
020 _a9584103016
040 _aCO-ViMGA
_bspa
_erda
_cCO-ViMGA
041 0 _aspa
082 0 4 _a658.02 C33a
100 1 _aIdalberto Chiavenato
_947993
245 1 0 _aAdministración en los nuevos tiempos
264 1 _a[Lugar de publicación no identificado] : McGraw-Hill, 2002
300 _avolumen
336 _atext
_btxt
_2rdacontent
337 _aunmediated
_bn
_2rdamedia
338 _avolume
_bnc
_2rdacarrier
940 _aidficha_siabuc: 1491. -- ficha_no_siabuc:1522
999 _c42630
_d42630